The standard english urdu dictionary/ (Record no. 44042)

000 -LEADER
fixed length control field 00392nam a22001451a 4500
020 ## - INTERNATIONAL STANDARD BOOK NUMBER
International Standard Book Number 9788171600687
082 ## - DEWEY DECIMAL CLASSIFICATION NUMBER
Classification number 423.91439
Item number ABD/S
245 ## - TITLE STATEMENT
Title The standard english urdu dictionary/
Statement of responsibility, etc. by Abdul Haq (ed.)
260 ## - PUBLICATION, DISTRIBUTION, ETC.
Place of publication, distribution, etc. New Delhi
Name of publisher, distributor, etc. Anjuman
Date of publication, distribution, etc. 1995
300 ## - PHYSICAL DESCRIPTION
Extent 1513p.
650 ## - SUBJECT ADDED ENTRY--TOPICAL TERM
Topical term or geographic name entry element Language English Urdu
9 (RLIN) 88428
650 ## - SUBJECT ADDED ENTRY--TOPICAL TERM
Topical term or geographic name entry element Language
9 (RLIN) 88429
700 ## - ADDED ENTRY--PERSONAL NAME
Personal name Abdul Haq (ed.)
9 (RLIN) 88430
942 ## - ADDED ENTRY ELEMENTS (KOHA)
Koha item type Reference
Holdings
Withdrawn status Lost status Damaged status Not for loan Permanent Location Current Location Date acquired Cost, normal purchase price Total Checkouts Full call number Barcode Date last seen Cost, replacement price Price effective from Koha item type
        Sree Sankaracharya University of Sanskrit Sree Sankaracharya University of Sanskrit 08.01.2015 280.00   R 423.91439 ABD/S 003839 08.01.2015 0.00 08.01.2015 Reference